| 000 | 01254pab a2200205 454500 | ||
|---|---|---|---|
| 008 | 180718b1996 xxu||||| |||| 00| 0 eng d | ||
| 100 | _aVanka, Sita | ||
| 245 | _aAdult education programme in Andhra Pradesh - Some organisational and implementation issues (Note) | ||
| 260 | _c1996 | ||
| 300 | _ap.729-739. | ||
| 362 | _aOct-Dec | ||
| 520 | _aThe author empirically takes a close look on implementation of Adult Education Programme (AEP) and the administrative organisation of the three agencies - Directorate of Adult Education, UGC sponsored Osmania University's Centre, and a women's NGO - involved in AEP in Andhra Pradesh. She makes a comparative assessment of the contribution of each agency to the success or failure of the programme in view of diverse backgrounds, highlighting in the process each agency's relative advantages and disadvantages. Deriving conclusions from her study, she underscores what further needs to be done to attain the desired goal of the AEP in the state. - Reproduced | ||
| 650 | _aNote | ||
| 650 | _aEducation - India - Andhra Pradesh | ||
| 650 | _aAdult education - India - Andhra Pradesh | ||
| 650 | _aAdult education | ||
| 773 | _aIndian Journal of Public Administration | ||
| 908 | _aN | ||
| 909 | _a33453 | ||
| 999 |
_c33453 _d33453 |
||